| 000 | 01260cam a2200253 a 4500 | ||
|---|---|---|---|
| 001 | 000010245 | ||
| 005 | 20200929162217.0 | ||
| 008 | 961009s1996 mx a f001 0 spa | ||
| 020 | _a9686773282 | ||
| 020 | _a9682982510 | ||
| 040 |
_aDO-SdBNP _bspa _cLC _dBNPHU |
||
| 082 |
_aM862.44 _bN964d |
||
| 245 | 0 | 3 |
_aLa nueva dramaturgia mexicana / _cselección e introducción Vicente Leñero. |
| 260 |
_aMéxico, D. F. : _bEl Milagro : _bConsejo Nacional para la Cultura y las Artes, _c1996. |
||
| 300 |
_a597 p. : _bil. ; _c21 cm. |
||
| 490 | 1 | _aNuestro Teatro | |
| 505 | 0 | _aIntroducción. Vicente Leñero -- Playa azul. Víctor Hugo Rascón Banda -- Crónica de un desayuno. Jesús González Dávila -- Trabajo sucio. Leonor Azcárate -- Cupo limitado. Tomás Urusástegui -- Muerte súbita. Sabina Berman -- Travesía guadalupana. Miguel Ángel Tenorio -- El jinete de la divina providencia. Óscar Liera -- Por las tierras de Colón. Guillermo Schmidhuber -- Los heraldos negros. Gerardo Velásquez. | |
| 650 | 4 |
_aDrama mexicano _ySIGLO XX. _925253 |
|
| 650 | 4 |
_aLiteratura mexicana _xHistoria y crítica _99844 |
|
| 700 | 1 |
_aLeñero, Vicente, _aintrod. _925254 |
|
| 830 | 0 |
_aNuestro Teatro _925255 |
|
| 910 | _aCatalogación por copia / LC | ||
| 049 | _aBNGR | ||
| 999 |
_c10004 _d10004 |
||